Rhythmic activities / (Record no. 354718)
[ view plain ]
| 000 -LEADER | |
|---|---|
| fixed length control field | 00324nam a2200109Ia 4500 |
| 008 - FIXED-LENGTH DATA ELEMENTS--GENERAL INFORMATION | |
| fixed length control field | 180205s9999 xx 000 0 und d |
| 020 ## - INTERNATIONAL STANDARD BOOK NUMBER | |
| International Standard Book Number | 9718928340 |
| 100 ## - MAIN ENTRY--PERSONAL NAME | |
| Personal name | Bauzon, Ma. Josefina V. |
| 245 ## - TITLE STATEMENT | |
| Statement of responsibility, etc | Evangelista, Teresita T. |
| Title | Rhythmic activities / |
| 260 ## - PUBLICATION, DISTRIBUTION, ETC. (IMPRINT) | |
| Place of publication, distribution, etc | Dagupan City |
| Name of publisher, distributor, etc | Publishing house |
| Date of publication, distribution, etc | 2000 |
| 300 ## - PHYSICAL DESCRIPTION | |
| Extent | ii, 124 pages |
| Withdrawn status | Lost status | Damaged status | Home library | Current library | Shelving location | Date acquired | Source of acquisition | Total Checkouts | Full call number | Barcode | Date last seen | Price effective from | Koha item type |
|---|---|---|---|---|---|---|---|---|---|---|---|---|---|
| College Library | College Library | Filipiniana Section | 02/05/2018 | Library Fund | GV 483 .B352 2000 | C0651 | 05/08/2018 | 02/05/2018 | Books |